La doble faz del mundo físico
Guardat en:
| Autor principal: | |
|---|---|
| Format: | Llibre |
| Idioma: | espanyol |
| Publicat: |
Buenos Aires
Espasa-Calpe Argentina
1949
|
| Edició: | 2a. ed |
| Matèries: | |
| Etiquetes: |
Afegir etiqueta
Sense etiquetes, Sigues el primer a etiquetar aquest registre!
|
MARC
| LEADER | 00000nam a2200000 a 4500 | ||
|---|---|---|---|
| 001 | UCX1350 | ||
| 003 | CL-VaPUC | ||
| 008 | 900806e19490000AG |||||||||||||||||spa|d | ||
| 082 | 0 | 4 | |a 530 |b PAP |2 21 |
| 100 | |a Papp, Desiderio |e autor |9 535643 | ||
| 245 | 1 | 3 | |a La doble faz del mundo físico |
| 250 | |a 2a. ed | ||
| 300 | |a 206 p | ||
| 942 | |c BK | ||
| 945 | |d 19900806 00:00:00 | ||
| 260 | |a Buenos Aires |b Espasa-Calpe Argentina |c 1949 | ||
| 650 | 0 | |a Física |9 227844 | |
| 583 | |a last modification |c 19900806 00:00:00 |k Rodrigo Vera | ||
| 999 | |c 222606 |d 222604 | ||
| 952 | |0 0 |1 0 |4 0 |6 530_000000000000000_PAP_1949 |7 0 |8 A |9 217598 |a BIBCUR |b BIBCUR |d 2019-11-15 |i 4528328 |l 1 |o 530 PAP 1949 |p 4528328 |r 2025-04-22 |s 2022-04-18 |w 2019-11-15 |y BK |k FIS | ||